书目信息 |
| 题名: |
中国近代史
|
|
| 作者: | 蒋廷黻 著 | |
| 分册: | ||
| 出版信息: | 北京 现代出版社 2018 |
|
| 页数: | 306页 | |
| 开本: | 24cm | |
| 丛书名: | ||
| 单 册: | ||
| 中图分类: | K250.9 | |
| 科图分类: | ||
| 主题词: | 中国历史--近代史--通俗读物 | |
| 电子资源: | ||
| ISBN: | 978-7-5143-6845-1 | |
| 000 | 00786nam0 2200241 450 | |
| 001 | 012001003873 | |
| 005 | 20180926162859.70 | |
| 010 | @a978-7-5143-6845-1@dCNY39.80 | |
| 100 | @a20180612d2018 em y0chiy50 ea | |
| 101 | 0 | @achi |
| 102 | @aCN@b110000 | |
| 105 | @aa z 000yy | |
| 106 | @ar | |
| 200 | 1 | @a中国近代史@9zhong guo jin dai shi@e插图版@f蒋廷黻著 |
| 205 | @a增补版 | |
| 210 | @a北京@c现代出版社@d2018 | |
| 215 | @a306页@d24cm | |
| 330 | @a本书是著名历史学家蒋廷黻写给普通读者的近代史通俗之作。作者以极简的文字讲透了中国近百年间历史的演变、文明的冲撞、大事件和重要人物。 | |
| 606 | 0 | @a中国历史@x近代史@j通俗读物 |
| 690 | @aK250.9@v5 | |
| 701 | 0 | @a蒋廷黻@9jiang ting fu@f(1895-1965)@4著 |
| 801 | 0 | @aCN@b上海新华@c20180901 |
| 905 | @b1165306-10@dK250.9@e237=2@f5 | |
| 中国近代史:插图版/蒋廷黻著.-增补版.-北京:现代出版社,2018 |
| 306页;24cm |
| ISBN 978-7-5143-6845-1:CNY39.80 |
| 本书是著名历史学家蒋廷黻写给普通读者的近代史通俗之作。作者以极简的文字讲透了中国近百年间历史的演变、文明的冲撞、大事件和重要人物。 |
| ● |
| 相关链接 |
|
|
|
|
正题名:中国近代史
索取号:K250.9/237=2
 
预约/预借
| 序号 | 登录号 | 条形码 | 馆藏地/架位号 | 状态 | 备注 |
| 1 | 1165306 | 211653067 | 第二样本阅览室/ [索取号:K250.9/237=2] | 在馆 | |
| 2 | 1165307 | 211653076 | 第二借阅区/ [索取号:K250.9/237=2] | 在馆 | |
| 3 | 1165308 | 211653085 | 第二借阅区/ [索取号:K250.9/237=2] | 在馆 | |
| 4 | 1165309 | 211653094 | 第二借阅区/ [索取号:K250.9/237=2] | 在馆 | |
| 5 | 1165310 | 211653101 | 密集书库-史法系/ [索取号:K250.9/237=2] | 在馆 |